| 000 | 00528nam a2200181Ia 4500 | ||
|---|---|---|---|
| 005 | 20250508152417.0 | ||
| 008 | 008 250505s9999 xx 000 0 eng d | ||
| 037 | _aTextual | ||
| 040 |
_aFEDL _beng _cFEDL |
||
| 041 |
_aeng _2eng |
||
| 084 |
_a371.732 2, AND _qFEDL |
||
| 100 |
_aAndrews Gladys Ed. _9761413 |
||
| 245 | 0 | _aCreative rhythumic movement for children | |
| 260 |
_aEnglewood Cliffs _bPrentice-Hall _c1954 |
||
| 300 | _aviii,198p | ||
| 942 |
_cTEXL _h371.732 2, AND |
||
| 999 |
_c1336245 _d1336245 |
||